|
|
|
|
| LEADER |
00000nam a2200000 a 4500 |
| 001 |
vtls001068350 |
| 003 |
SK-MaSNL |
| 005 |
20260301193432.0 |
| 008 |
250414s1992 xo slo |
| 015 |
|
|
|a SNBA1992/07
|
| 020 |
|
|
|a 8005010087
|
| 035 |
|
|
|a SNK000011180
|
| 035 |
|
|
|a urn:nbn:sk:snk-amlqgw
|
| 035 |
|
|
|a urn:nbn:sk:snk-am00c19s
|
| 035 |
|
|
|a BAF335B4-5103-4064-8698-0B195128DC88
|
| 040 |
|
|
|a SNK
|b slo
|c SNK
|e AACR2
|
| 041 |
0 |
|
|a slo
|
| 044 |
|
|
|a xo
|c SK
|
| 080 |
|
|
|a 62-82/-85(075.3)
|2 1981
|
| 100 |
1 |
|
|a Vaněk, Antonín
|4 aut
|9 291828
|
| 245 |
1 |
0 |
|a Stroje a zariadenia pre 2. ročník SOU - strojník
|c Antonín Vaněk ; Štefánia Pákhová
|
| 250 |
|
|
|a 1. vyd.
|
| 260 |
|
|
|a Bratislava
|b Alfa
|c 1992
|e Bratislava
|f Stredisko Ústavu stavebných informácií
|
| 300 |
|
|
|a 126 s., 10,37 AH
|b Sch.
|c 29 cm
|
| 490 |
1 |
|
|a Edícia strojárskej literatúry
|
| 500 |
|
|
|a Lit. 4. Schválilo MŠM a Tv SSR. 4 zázn. v češ.
|
| 700 |
1 |
|
|a Pákhová, Štefánia
|4 trl
|9 60588
|
| 852 |
|
|
|a Slovenská národná knižnica
|
| 919 |
|
|
|a 80-05-01008-7
|
| 954 |
|
|
|a stroje stavebné
|a zariadenia stavebné
|
| 958 |
|
|
|a CZ
|
| 958 |
|
|
|a UC
|
| 958 |
|
|
|a TL
|
| 958 |
|
|
|a OP
|
| 999 |
|
|
|c 877266
|d 879196
|
| 952 |
|
|
|t P60, <04>, [BOOK], {604}
|a SNK
|b SNK
|y VYP
|7 0
|p 17A0146513
|o snkSB 49539 D1
|0 0
|1 0
|4 0
|d 1998-07-06
|l 0
|r 2004-12-31 00:00:00
|w 2026-02-24
|
| 952 |
|
|
|a SNK
|b SNK
|y PREZ
|7 0
|p 17A0804226
|o snkSB 49539
|0 0
|1 0
|4 0
|d 2012-07-12
|f 1
|l 0
|r 2025-02-28 00:00:00
|w 2026-02-24
|